00473nam a22001577a 4500003000400000082001900004100001600023245003800039260004400077300000700121650002600128653002600154942001200180952010600192999001700298SGT a617.6342bC21G aGoel, Aditi aComparative evaluation of 4%..... aGurugram, HaryanabSGT Universityc2021 a90 aConservative Denistry aConservative Denistry 2ddccTH 00102ddc405171aFDbFDd2022-12-21l0o617.6342 C21GpDT1387r2022-12-21 00:00:00w2022-12-21yTH c23608d23608